Environmental studies (Record no. 6551)

000 -LEADER
fixed length control field 00425nam a22001577a 4500
008 - FIXED-LENGTH DATA ELEMENTS--GENERAL INFORMATION
fixed length control field 170315b xxu||||| |||| 00| 0 eng d
082 ## - DEWEY DECIMAL CLASSIFICATION NUMBER
Edition number 23
Classification number 333.7
Item number GUP
100 ## - MAIN ENTRY--PERSONAL NAME
Personal name Gupta, R. D.
245 ## - TITLE STATEMENT
Title Environmental studies
250 ## - EDITION STATEMENT
Edition statement 1st ed.
260 ## - PUBLICATION, DISTRIBUTION, ETC. (IMPRINT)
Place of publication, distribution, etc. Meerut
Name of publisher, distributor, etc. R. Lall Book Depot
Date of publication, distribution, etc. 2009
300 ## - PHYSICAL DESCRIPTION
Extent xii,291p.;
Dimensions 21cm.
650 ## - SUBJECT ADDED ENTRY--TOPICAL TERM
Source of heading or term Environmental science
Topical term or geographic name as entry element Environmental science
700 ## - ADDED ENTRY--PERSONAL NAME
Personal name Singh, K. V.
942 ## - ADDED ENTRY ELEMENTS (KOHA)
Source of classification or shelving scheme
Koha item type Books
Holdings
Withdrawn status Lost status Source of classification or shelving scheme Materials specified (bound volume or other part) Damaged status Not for loan Collection code Permanent location Current location Shelving location Date acquired Coded location qualifier Cost, normal purchase price Total Checkouts Full call number Barcode Date last seen Date last checked out Price effective from Koha item type
      PB     Environmental Science Section Maulana Azad Central Library Maulana Azad Central Library General Stacks 2017-03-15 EVS 80.00 2 333.7 GUP 26749 2017-12-14 2017-12-12 2017-03-15 Books

Copyright @ USTM
Techno City, Kiling Road, Baridua, 9th Mile,
Ri-Bhoi, Meghalaya-793101

Powered by Koha